000 01062pam a2200301 a 4500
001 1425594
003 OSt
005 20151110155213.0
008 841129s1985 enk b 001 0 eng
010 _a 84027294
020 _a9780192820730
040 _aDLC
_cDLC
_dDLC
050 0 0 _aPR 1175
_b.Ox98 1988
082 0 0 _aHS 821.008
_bOx2 1987
245 0 4 _aThe Oxford book of short poems /
_cchosen and edited by P.J. Kavanagh and James Michie.
260 _aOxford :
_bOxford University Press,
_cc1985.
300 _a307 p. :
_c23 cm.
500 _aIncludes indexes.
650 0 _aEnglish poetry.
_91677
650 0 _aAmerican poetry.
_91688
700 1 _aKavanagh, P. J.
_q(Patrick Joseph),
_d1931-
_914567
700 1 _aMichie, James.
_914568
856 4 2 _3Publisher description
_uhttp://www.loc.gov/catdir/enhancements/fy0638/84027294-d.html
856 4 2 _3Contributor biographical information
_uhttp://www.loc.gov/catdir/enhancements/fy0725/84027294-b.html
906 _a7
_bcbc
_corignew
_d1
_eocip
_f19
_gy-gencatlg
942 _2lcc
_cBK
999 _c9665
_d9665